UBT Library

Clinical laboratory and diagnostic tests : (Record no. 889)

000 -LEADER
fixed length control field 00559nam a22001817a 4500
008 - FIXED-LENGTH DATA ELEMENTS--GENERAL INFORMATION
fixed length control field 150521b xxu||||| |||| 00| 0 eng d
020 ## - INTERNATIONAL STANDARD BOOK NUMBER
International Standard Book Number 0838512712
041 0# - LANGUAGE CODE
Language code of text/sound track or separate title eng
080 ## - UNIVERSAL DECIMAL CLASSIFICATION NUMBER
Universal Decimal Classification number 61
100 1# - Rafti
Rafti Treseler, Kathleen Morrison.
245 10 - TITLE STATEMENT
Title Clinical laboratory and diagnostic tests :
Statement of responsibility, etc Kathleen Morrison Treseler.
250 ## -
-- 2nd ed.
260 ## -
-- Norwalk, Conn. :
-- Appleton & Lange,
-- c1988.
300 ## -
-- 700 f. :
-- me il. ;
-- 23 cm.
650 #0 -
-- Infermieri
650 #0 -
-- Diagnozë, Laborator
942 ## - ADDED ENTRY ELEMENTS (KOHA)
Source of classification or shelving scheme
Item type Books
Holdings
Withdrawn status Lost status Source of classification or shelving scheme Damaged status Not for loan Collection code Permanent location Current location Shelving location Date acquired Total Checkouts Full call number Date last seen Price effective from Koha item type Barcode
          Koleksioni i përgjithshem UBT - Lipjan UBT - Lipjan Koleksioni i përgjithshem 05/21/2015   61 TRE 05/21/2015 05/21/2015 Books  
          Koleksioni i përgjithshem UBT - Lipjan UBT - Lipjan Koleksioni i përgjithshem 01/12/2017   618.2 TRE 01/12/2017 01/12/2017 Books 002-029815
UBT Library © 2015-2024. All rights reserved University Education for Business and Technology